[Event "II Nezhmetdinov Mem"]
[Site "Kazan RUS"]
[Date "2010.05.31"]
[Round "1"]
[White "Makhmutov,R"]
[Black "Pridorozhni,A"]
[Result "1/2-1/2"]
[WhiteElo "2108"]
[BlackElo "2554"]

1.e4 d6 2.d4 Nf6 3.Nc3 e5 4.Nge2 Be7 5.f3 c6 6.Be3 b5 7.Qd2 Nbd7 8.g4 Nb6
9.Ng3 g6 10.g5 Nfd7 11.f4 b4 12.Nd1 exf4 13.Bxf4 c5 14.Nf2 cxd4 15.Qxd4 Ne5
16.Be2 O-O 17.h4 Be6 18.Nd3 Nxd3+ 19.Bxd3 Nd7 20.Nf5 gxf5 21.exf5 Qb6 22.Qxb6 axb6
23.fxe6 fxe6 24.O-O Nc5 25.Bd2 Nxd3 26.cxd3 Rxf1+ 27.Kxf1 b3 28.a4 Kf7 29.Be3 Bd8
30.Ra3 d5 31.h5 e5 32.Rxb3 Rxa4 33.g6+ hxg6 34.hxg6+ Kxg6 35.Bxb6 Bf6 36.Rb5 d4
37.Ke2 Kf5 38.Kf3 Ra8 39.Bxd4 Rd8 40.Be3 Rxd3 41.Ke2 Rd8 42.b4 Ke4 43.Rc5 Be7
44.Rc4+ Kd5 45.Rc1 Rb8 46.Bc5 Bg5 47.Be3 Bxe3 48.Kxe3 Rxb4 49.Rd1+  1/2-1/2

[Event "ch-CHN w"]
[Site "Xinghua CHN"]
[Date "2010.05.31"]
[Round "7"]
[White "Ding Yixin"]
[Black "Zhang Jilin"]
[Result "1-0"]
[WhiteElo "2327"]
[BlackElo "2280"]

1.e4 d6 2.d4 Nf6 3.Nc3 e5 4.Nf3 Nbd7 5.Bc4 Be7 6.O-O O-O 7.a4 c6 8.Ba2 Qc7
9.h3 b6 10.Re1 Bb7 11.Nh4 Rfe8 12.Nf5 Bf8 13.dxe5 Nxe5 14.Bg5 Nfd7 15.Qd2 Nc5
16.Rad1 Ne6 17.Bh4 a6 18.Bg3 Rad8 19.Ne3 b5 20.axb5 axb5 21.f4 Nd7 22.b4 Nf6
23.Qf2 Qb6 24.Bh4 Be7 25.Kh1 Qc7 26.Nf5 d5 27.Nxe7+ Qxe7 28.exd5 cxd5 29.f5 Qxb4
30.Bxf6 gxf6 31.fxe6 Qxc3 32.Re3 Qb2 33.Rd4 Qxa2 34.Rg4+ Kf8 35.Qxf6  1-0

[Event "II Nezhmetdinov Mem"]
[Site "Kazan RUS"]
[Date "2010.06.02"]
[Round "3"]
[White "Agafonov,A"]
[Black "Pridorozhni,A"]
[Result "0-1"]
[WhiteElo "2140"]
[BlackElo "2554"]

1.d4 d6 2.e4 Nf6 3.Nc3 Nbd7 4.Nf3 e5 5.dxe5 dxe5 6.Bc4 Bb4 7.O-O c6 8.Bg5 O-O
9.Ne2 h6 10.Bh4 Be7 11.Bg3 Nxe4 12.Bxe5 Nxe5 13.Nxe5 Nd2 14.Re1 Nxc4 15.Nxc4 Bf6
16.Nc3 Be6 17.Nd6 Bxc3 18.bxc3 Qc7 19.Ne4 Rad8 20.Qh5 Rd5 21.Qh4 Rfd8 22.h3 Bf5
23.g4 Bg6 24.Re3 Rd1+ 25.Rxd1 Rxd1+ 26.Kg2 Qe5 27.g5 hxg5 28.Nxg5 Qd5+ 29.Nf3 f6
30.c4 Qf7 31.Qg4 Rd8 32.Nd4 c5 33.Ne6 Re8 34.Nxc5 Rxe3 35.fxe3 Bxc2 36.Qe6 Qxe6
37.Nxe6 Bb1 38.Nd8 Bxa2 39.Nxb7 Bxc4 40.e4 Kh7 41.Kg3 Kh6 42.Kf4 Be6 43.h4 Kh5
44.e5 fxe5+ 45.Kxe5 Bc8 46.Nc5 Kxh4 47.Ne4 a5 48.Kd4 Bf5 49.Nd6 Be6 50.Kc5 g5
51.Kb5 g4 52.Ne4 Bf5 53.Nd2 Kg3 54.Nb3 Kf2  0-1

[Event "AES Dominicana"]
[Site "Santo Domingo DOM"]
[Date "2010.06.02"]
[Round "1"]
[White "Martinez Duany,L"]
[Black "Mesa,T"]
[Result "1-0"]
[WhiteElo "2515"]
[BlackElo "2123"]

1.e4 d6 2.d4 Nf6 3.Nc3 e5 4.Nf3 Nbd7 5.Bc4 h6 6.O-O c6 7.dxe5 dxe5 8.a4 a5
9.Qe2 Qc7 10.Nh4 Nc5 11.Nf5 Be6 12.Bxe6 Nxe6 13.Rd1 g6 14.Nh4 Be7 15.Qc4 Qc8
16.Nf3 Qc7 17.b3 Bc5 18.h3 g5 19.Ba3 Bxa3 20.Rxa3 g4 21.hxg4 Rg8 22.g5 hxg5
23.g3 Qe7 24.Raa1 Nd7 25.Rd2 Qf6 26.Qd3 Ndc5 27.Qe3 Rh8 28.Rad1 Qh6 29.Kf1 Qh3+
30.Ke2 Qg4 31.Rg1 Rh6 32.Ke1 f6 33.Qe2 Rd8 34.Rxd8+ Kxd8 35.Kd2 Rh7 36.Kc1 Rd7
37.Rh1 Kc7 38.Kb1 Nd8 39.Rh6 Rd6 40.Qe3 b6 41.Nd2 Qd7 42.Nc4 Re6 43.Nxa5 Qg7
44.Rh1 Re7 45.Nc4 Nde6 46.b4 Nd7 47.a5 Nd4 48.axb6+ Nxb6 49.Nxb6 Kxb6 50.Na4+ Kb7
51.c3  1-0

[Event "3rd Mayor's Cup"]
[Site "Mumbai IND"]
[Date "2010.06.03"]
[Round "2"]
[White "Gusain,H"]
[Black "Dzhumaev,M"]
[Result "0-1"]
[WhiteElo "2159"]
[BlackElo "2495"]

1.e4 d6 2.d4 Nf6 3.Nc3 c6 4.a4 Nbd7 5.Nf3 e5 6.Bc4 Be7 7.O-O O-O 8.dxe5 dxe5
9.Qe2 a5 10.Rd1 Qc7 11.Nh4 Nb6 12.Ba2 Bg4 13.f3 Be6 14.Nf5 Bxf5 15.exf5 Rad8
16.Re1 Nbd5 17.Ne4 Rd7 18.Kh1 Rfd8 19.Bg5 Qb6 20.Bb3 h6 21.Bxf6 Bxf6 22.Rad1 Be7
23.Qf2 Qxf2 24.Nxf2 Bf6 25.Ne4 b6 26.c4 Nb4 27.Rxd7 Rxd7 28.Rd1 Rd3 29.Rxd3 Nxd3
30.Kg1 Be7 31.Kf1 Bc5 32.Bc2 Nxb2 33.Bb3 Nd3 34.Bc2 Nb4 35.Nxc5 Nxc2 36.Nd7 Ne3+
37.Ke2 Nxc4 38.Kd3 b5 39.Nb8 e4+ 40.fxe4 Ne5+ 41.Kd4 bxa4 42.Na6 Nd7 43.Kc3 Kf8
44.Kb2 Ke7 45.Ka3 Kd6 46.Kxa4 Ke5 47.Kxa5 Kxe4 48.Nb4 c5 49.Nc6 Kxf5 50.Kb5 Ke4
51.Nd8 f5 52.Ne6 g5 53.Kc6 c4 54.Kxd7 f4 55.h3 c3 56.Nc5+ Ke3 57.Ke6 c2 58.Nb3 Kf2
59.Nc1 Kxg2 60.Nd3 Kxh3 61.Ke5 Kg3 62.Ke4 h5  0-1

[Event "3rd Mayor's Cup"]
[Site "Mumbai IND"]
[Date "2010.06.03"]
[Round "3"]
[White "Thakur,Ak"]
[Black "Bocharov,D"]
[Result "0-1"]
[WhiteElo "2361"]
[BlackElo "2592"]

1.e4 d6 2.d4 Nf6 3.Nc3 e5 4.dxe5 dxe5 5.Qxd8+ Kxd8 6.Bc4 Ke8 7.Nd5 Nxd5 8.Bxd5 Nd7
9.f3 c6 10.Bb3 Nc5 11.Be3 a5 12.Nh3 a4 13.Bc4 b5 14.Be2 Bxh3 15.gxh3 Ne6
16.Rg1 g6 17.a3 Bd6 18.Rc1 Ke7 19.c4 Rhb8 20.Rg2 b4 21.c5 Bc7 22.Bc4 bxa3
23.bxa3 Nd4 24.Bxd4 exd4 25.Rcc2 Ba5+ 26.Ke2 Bc3 27.Rg4 Ra5 28.Rh4 Rxc5 29.Kd3 Rb1  0-1

[Event "Mitropa Cup"]
[Site "Chur SUI"]
[Date "2010.06.04"]
[Round "7"]
[White "Godena,M"]
[Black "Monroy,C"]
[Result "1-0"]
[WhiteElo "2554"]
[BlackElo "2459"]

1.e4 d6 2.d4 Nf6 3.Nc3 e5 4.Nge2 Nbd7 5.g3 Be7 6.Bg2 O-O 7.O-O c6 8.a4 b6
9.h3 h5 10.Be3 a6 11.d5 Bb7 12.dxc6 Bxc6 13.Nd5 Nxd5 14.exd5 Bb7 15.f4 Rb8
16.Nc3 h4 17.g4 exf4 18.Bxf4 Ne5 19.Ne4 Ng6 20.Bh2 Qc7 21.b3 Rbd8 22.c4 Bc8
23.g5 Rde8 24.Qh5 Qd8 25.Ra2 b5 26.c5 dxc5 27.d6 Bb7 28.dxe7 Rxe7 29.Nf6+ gxf6
30.gxf6 Qd4+ 31.Raf2 Re6 32.Bxb7 Rxf6 33.Qg4 Qe3 34.Qe4 Qg5+ 35.Qg2 Qe3 36.axb5 axb5
37.Qe4 Qg5+ 38.Qg2 Qe3 39.Qe4 Qg5+ 40.Qg4 Qe3 41.Kg2 Rxf2+ 42.Rxf2 Qxb3 43.Be4 Qc4
44.Rc2 Qb4 45.Bxg6 Qxg4+ 46.hxg4 fxg6 47.Rxc5 Ra8 48.Kh3  1-0

[Event "II Nezhmetdinov Mem"]
[Site "Kazan RUS"]
[Date "2010.06.04"]
[Round "5"]
[White "Vaseptsov,Maxim"]
[Black "Kabanov,N"]
[Result "0-1"]
[WhiteElo "2197"]
[BlackElo "2517"]

1.e4 d6 2.d4 Nf6 3.Nc3 c6 4.f4 Qa5 5.Bd3 e5 6.Nf3 exd4 7.Nxd4 g6 8.Be3 Bg7
9.Qe2 O-O 10.Nb3 Qc7 11.O-O b5 12.Rae1 Re8 13.Qf3 b4 14.Nd1 Bg4 15.Qg3 Bxd1
16.Rxd1 Nxe4 17.Bxe4 Rxe4 18.f5 Be5 19.Bf4 Rxf4 20.Rxf4 d5 21.Rdf1 Nd7 22.Qh4 Bxf4
23.Rxf4 Qe5 24.Rf1 c5 25.Qf2 Qe7 26.Qf3 Qd6 27.h4 Rf8 28.h5 Nf6 29.h6 Ne4
30.Rd1 Qe5 31.Na5 Re8 32.fxg6 hxg6 33.Nc6 Qc7 34.Rxd5 Qxc6 35.h7+ Kg7 36.h8=Q+ Kxh8
37.Qxf7 Qe6  0-1

[Event "9th TCh-BIH Premier"]
[Site "Bihac BIH"]
[Date "2010.06.05"]
[Round "1"]
[White "Obarcanin,N"]
[Black "Bogut,Z"]
[Result "0-1"]
[WhiteElo "2061"]
[BlackElo "2468"]

1.e4 d6 2.d4 Nf6 3.Nc3 c6 4.Be2 Nbd7 5.Nf3 e5 6.O-O Be7 7.h3 O-O 8.Be3 Re8
9.a3 Bf8 10.Bc4 exd4 11.Qxd4 b5 12.Ba2 c5 13.Qd2 Rb8 14.Ng5 c4 15.Nxb5 Rxb5
16.Bxc4 Rxg5 17.Bxg5 Rxe4 18.Bd3 Re8 19.Rfe1 Bb7 20.Qf4 h6 21.Bxf6 Nxf6 22.g4 Rxe1+
23.Rxe1 Qa5 24.Re3 Qb6 25.Qf5 Qxb2  0-1

[Event "FSIMB June"]
[Site "Budapest HUN"]
[Date "2010.06.05"]
[Round "1"]
[White "Tran Tuan Minh"]
[Black "Qu Yanqiao"]
[Result "1/2-1/2"]
[WhiteElo "2211"]
[BlackElo "2105"]

1.d4 d6 2.e4 Nf6 3.Nc3 e5 4.dxe5 dxe5 5.Qxd8+ Kxd8 6.Bg5 Be6 7.O-O-O+ Kc8
8.Nf3 Nbd7 9.a3 c6 10.h3 h6 11.Bh4 Kc7 12.g4 Nh7 13.Bg2 f6 14.Bg3 g5 15.Nd4 Bf7
16.Nf5 b5 17.h4 h5 18.hxg5 Nxg5 19.f4 Ne6 20.fxe5 Nxe5 21.gxh5 Bxh5 22.Rdf1 Bc5
23.b4 Bb6 24.Ne7 Kd7 25.Rxf6 Be3+ 26.Kb1 Bd4 27.Rf5 Bg4 28.Rxh8 Rxh8 29.Bxe5 Bxe5
30.Ng6 Bxc3 31.Rf7+ Kd6 32.Nxh8 Bxh8 33.Rxa7 Nc7 34.Rb7 Bd4 35.Rb8 Be5 36.Rg8 Be6
37.Rg6 Ke7 38.Bf3 Ne8 39.Bg4 Bxg4 40.Rxg4 Nf6 41.Rg5 Ke6 42.Rg6 Bd6 43.Kb2 Ke5
44.c4 Kxe4 45.cxb5 cxb5  1/2-1/2

[Event "Aberto do Brasil"]
[Site "Fortaleza BRA"]
[Date "2010.06.05"]
[Round "5"]
[White "Mekhitarian,K"]
[Black "Jatoba de Oliveira Reis,P"]
[Result "1/2-1/2"]
[WhiteElo "2499"]
[BlackElo "2335"]

1.d4 d6 2.e4 Nf6 3.Nc3 e5 4.Nf3 Nbd7 5.Bc4 Be7 6.O-O O-O 7.Re1 c6 8.a4 a5
9.h3 Nb6 10.Ba2 Nfd7 11.Be3 exd4 12.Qxd4 Nc5 13.Rad1 Be6 14.Bxe6 fxe6 15.e5 d5
16.Qg4 Nbd7 17.Ne2 Qe8 18.Nf4 Qf7 19.b3 Qf5 20.Qxf5 Rxf5 21.Bxc5 Nxc5 22.Nd3 Nxd3
23.Rxd3 Bc5 24.g3 Raf8 25.Kg2 h6 26.Re2 g5 27.c3 h5 28.Nd4 Bxd4 29.cxd4 g4
30.hxg4 hxg4 31.Rb2 Rf3 32.Rd1 R8f7 33.Rdd2  1/2-1/2

[Event "TOP 16"]
[Site "Guingamp FRA"]
[Date "2010.06.05"]
[Round "10"]
[White "Hauchard,A"]
[Black "Elbilia,J"]
[Result "1-0"]
[WhiteElo "2527"]
[BlackElo "2402"]

1.e4 d6 2.d4 Nf6 3.Nc3 c6 4.Nf3 Bg4 5.h3 Bh5 6.Be3 e6 7.d5 cxd5 8.exd5 e5
9.g4 Bg6 10.Nh4 Be7 11.Nxg6 hxg6 12.Qe2 Nbd7 13.O-O-O Qa5 14.Kb1 Rc8 15.g5 Nh5
16.Ne4 O-O 17.h4 Nf4 18.Bxf4 exf4 19.h5 Ne5 20.hxg6 f3 21.Qe3 Qa4 22.b3 Qa3
23.gxf7+ Kxf7 24.g6+ Ke8 25.Rh7 Rg8 26.Bh3 Rxc2 27.Kxc2 Qxa2+ 28.Kc1  1-0

[Event "II Nezhmetdinov Mem"]
[Site "Kazan RUS"]
[Date "2010.06.05"]
[Round "6"]
[White "Bibilashvili,A"]
[Black "Makhmutov,R"]
[Result "0-1"]
[WhiteElo "1920"]
[BlackElo "2108"]

1.e4 d6 2.d4 Nf6 3.Nc3 c6 4.Bd3 e5 5.Nge2 Nbd7 6.O-O Qc7 7.Kh1 g6 8.f4 exd4
9.Nxd4 Bg7 10.Be3 O-O 11.Qd2 b5 12.a3 Bb7 13.h3 a6 14.Nde2 Rfe8 15.Ng3 c5
16.Rad1 Rad8 17.Rfe1 h5 18.Bxb5 h4 19.Bxd7 Qxd7 20.Nge2 Nxe4 21.Nxe4 Bxe4
22.Ng1 Qc6 23.c3 Rd7 24.Qf2 Rde7 25.Rd2 d5 26.Kh2 Bxg2 27.Qxg2 Rxe3 28.Rxe3 Rxe3
29.Qxd5 Qxd5 30.Rxd5 Bh6 31.Rxc5 Bxf4+ 32.Kh1 Re1 33.Rc4 Be3 34.Rg4 g5 35.c4 f5
36.Rg2 Rc1 37.b3 Kf7 38.Kh2 Kf6 39.Ne2 Re1 40.b4 g4 41.hxg4 fxg4 42.Ng1 g3+
43.Kh1 Bf2  0-1

[Event "3rd Mayor's Cup"]
[Site "Mumbai IND"]
[Date "2010.06.05"]
[Round "5"]
[White "Roy Chowdhury,S"]
[Black "Bocharov,D"]
[Result "0-1"]
[WhiteElo "2473"]
[BlackElo "2592"]

1.e4 d6 2.d4 Nf6 3.Nc3 e5 4.Nf3 Nbd7 5.Bc4 Be7 6.O-O O-O 7.a4 c6 8.Re1 b6
9.Bg5 a6 10.dxe5 Nxe5 11.Nxe5 dxe5 12.Qe2 Qc7 13.Bxf6 Bxf6 14.Nd1 Be7 15.Ne3 g6
16.c3 Ra7 17.Bb3 Kg7 18.Rad1 Bc5 19.Kh1 Qe7 20.Rd3 Qh4 21.f3 Re7 22.g3 Qg5
23.Qd2 Qh5 24.Bd1 a5 25.Ng4 Ree8 26.Ne3 Qh3 27.g4 Qh4 28.b4 axb4 29.cxb4 Bd4
30.Ng2 Qe7 31.f4 Rd8 32.f5 f6 33.Bb3 g5 34.Bc4 Rh8 35.b5 cxb5 36.axb5 Bb7
37.Qe2 Rc8 38.Rdd1 Rc5 39.Be6 Qc7 40.h3 Rd8 41.Rd3 Rc2 42.Rd2 Rc3 43.Kh2 Qc5
44.Ra2 Bg1+ 45.Rxg1 Rdd3 46.Qxd3 Rxd3 47.Ra7 Qf2 48.Rxb7+ Kh6 49.Rc1 Rd2  0-1

[Event "9th TCh-BIH Premier"]
[Site "Bihac BIH"]
[Date "2010.06.06"]
[Round "2"]
[White "Bogut,Z"]
[Black "Damljanovic,B"]
[Result "1-0"]
[WhiteElo "2468"]
[BlackElo "2539"]

1.e4 d6 2.d4 Nf6 3.Nc3 e5 4.Nf3 Nbd7 5.Bc4 Be7 6.O-O O-O 7.Re1 c6 8.a4 b6
9.Ba2 a6 10.h3 Rb8 11.Nh4 exd4 12.Qxd4 Ne5 13.Bf4 b5 14.axb5 axb5 15.Nf5 b4
16.Ne2 c5 17.Nxe7+ Qxe7 18.Qe3 Be6 19.Ng3 Bxa2 20.Rxa2 Qe6 21.b3 Ra8 22.Rea1 Rxa2
23.Rxa2 Rd8 24.Bg5 h6 25.Bxf6 Qxf6 26.Ra6 Ng6 27.Nf5 Ne7 28.Ng3 Qe6 29.Qd3 Qe5
30.Qd2 d5 31.f4 Qc3 32.Qxc3 bxc3 33.Kf2 d4 34.Ke2 Rc8 35.Nf5 Nxf5 36.exf5 Re8+
37.Kf2 Rc8 38.Ra4 Rb8 39.Rc4 Rb5 40.Ke2 Kf8 41.Kd3 Ke7 42.Ra4 Rb7 43.Ra6 h5
44.Rc6 Rb5 45.Rc7+ Ke8 46.g4 hxg4 47.hxg4 Ra5 48.g5 Ra1 49.Rxc5 Rd1+ 50.Kc4 Rd2
51.Re5+ Kd7 52.Rd5+ Ke7 53.Rxd4 Rxc2 54.Kd3 Rc1 55.Rc4 Kd6 56.Rxc3  1-0

[Event "Mitropa Cup"]
[Site "Chur SUI"]
[Date "2010.06.06"]
[Round "9"]
[White "Borisek,J"]
[Black "Monroy,C"]
[Result "1/2-1/2"]
[WhiteElo "2561"]
[BlackElo "2459"]

1.e4 d6 2.d4 Nf6 3.Nc3 e5 4.Nf3 Nbd7 5.Bc4 Be7 6.O-O O-O 7.Re1 c6 8.a4 b6
9.Bg5 a6 10.d5 c5 11.Rb1 Nh5 12.Be3 g6 13.Bh6 Ng7 14.b4 Kh8 15.Qd2 Nf6 16.bxc5 bxc5
17.h3 Ng8 18.Be3 f5 19.exf5 gxf5 20.Bg5 Bf6 21.Bxf6 Rxf6 22.Qg5 Qc7 23.Nh4 f4
24.Ne4 Rh6 25.Be2 Bd7 26.Bg4 Bxa4 27.Rb2 Rb8 28.Ra2 Bb5 29.Nd2 Be8 30.Ne4 Bb5
31.Nd2 Be8 32.Ne4 Bb5  1/2-1/2

[Event "II Nezhmetdinov Mem"]
[Site "Kazan RUS"]
[Date "2010.06.06"]
[Round "7"]
[White "Filipenko,A"]
[Black "Pridorozhni,A"]
[Result "1/2-1/2"]
[WhiteElo "2345"]
[BlackElo "2554"]

1.e4 d6 2.d4 Nf6 3.Nc3 c6 4.f4 Qa5 5.Bd3 e5 6.Nf3 exd4 7.Nxd4 g6 8.O-O Bg7
9.Kh1 O-O 10.f5 Nbd7 11.Bf4 Ne5 12.Qd2 Bd7 13.Nf3 gxf5 14.Nxe5 dxe5 15.Bh6 f4
16.Bxg7 Kxg7 17.g3 Kh8 18.gxf4 Rg8 19.f5 Qc5 20.Rg1 b5 21.Raf1 Qe7 22.Qh6 Rad8
23.a3 a5 24.b4 axb4 25.axb4 Be8 26.Nd1 Qd6 27.Qh4 Rxg1+  1/2-1/2

[Event "3rd Mayor's Cup"]
[Site "Mumbai IND"]
[Date "2010.06.06"]
[Round "7"]
[White "Dreev,A"]
[Black "Harutjunyan,G"]
[Result "1-0"]
[WhiteElo "2655"]
[BlackElo "2460"]

1.d4 d6 2.e4 Nf6 3.Nc3 e5 4.Nf3 Nbd7 5.Bc4 Be7 6.O-O O-O 7.Re1 c6 8.a4 Qc7
9.h3 Re8 10.b3 exd4 11.Nxd4 Bf8 12.Ba3 a6 13.Bf1 Rb8 14.Nf5 Nc5 15.Ng3 b5
16.axb5 axb5 17.b4 Ncd7 18.Qd2 Ne5 19.Bb2 Be6 20.f4 Nc4 21.Bxc4 Bxc4 22.Nd1 Nd7
23.Ne3 Nb6 24.Nh5 f6 25.Ng4 Nd7 26.Ra3 Re6 27.Rg3 Kf7 28.Qc3 Rbe8 29.Qf3 d5
30.e5 f5 31.Nxg7 Bxg7 32.Ne3 Rg6 33.Nxf5 Nf8 34.Nxg7 Rxg7 35.e6+ Nxe6 36.Qh5+ Kf8
37.Rxg7  1-0

[Event "3rd Mayor's Cup"]
[Site "Mumbai IND"]
[Date "2010.06.06"]
[Round "7"]
[White "Palit,S"]
[Black "Czebe,A"]
[Result "1-0"]
[WhiteElo "2385"]
[BlackElo "2480"]

1.e4 d6 2.d4 Nf6 3.Nc3 e5 4.Nf3 Nbd7 5.Bc4 Be7 6.O-O c6 7.a4 h6 8.Re1 Nh7
9.a5 Qc7 10.b3 Ndf8 11.d5 Ng6 12.dxc6 bxc6 13.a6 O-O 14.h3 Kh8 15.Bd3 Be6
16.Ne2 d5 17.exd5 Bxd5 18.Ng3 Bb4 19.Rf1 Rad8 20.c4 Bxf3 21.Qxf3 Nh4 22.Qe2 f5
23.Nh5 Qf7 24.Bb1 e4 25.Nf4 Nf6 26.Ra4 Bd6 27.Qc2 Nd7 28.b4 Nb6 29.Ra1 Bxb4
30.c5 Nd5 31.Ba2 Qf6 32.Bxd5 cxd5 33.Bb2 d4 34.Ra4 Bc3 35.Bxc3 dxc3 36.Ra3 Qg5
37.g3 e3 38.Rxc3 Rd2 39.Qb3 Nf3+ 40.Kg2 Ne1+ 41.Kg1 Nf3+ 42.Kg2 Nh4+ 43.Kg1 Rxf2
44.Rxe3 Rd2 45.Rf2 Rxf2 46.Kxf2 Rd8 47.Ne6 Qf6  1-0

[Event "II Nezhmetdinov Mem"]
[Site "Kazan RUS"]
[Date "2010.06.07"]
[Round "8"]
[White "Bezgodova,M"]
[Black "Makhmutov,R"]
[Result "0-1"]
[WhiteElo "2093"]
[BlackElo "2108"]

1.e4 d6 2.d4 Nf6 3.Nc3 c6 4.Nf3 Bg4 5.a4 e6 6.Be2 Be7 7.O-O O-O 8.Bg5 d5
9.exd5 cxd5 10.Ne5 Bxe2 11.Nxe2 Nc6 12.c3 Ne4 13.Bxe7 Qxe7 14.Nxc6 bxc6 15.Nf4 c5
16.f3 Nf6 17.Nd3 c4 18.Nc5 Rab8 19.Qc2 Nd7 20.b4 cxb3 21.Nxb3 Rfc8 22.Rfb1 Rb4
23.Qd2 Rbc4 24.Rc1 Qd8 25.a5 Qc7 26.a6 g6 27.Qg5 Rb8 28.Na5 Rxc3 29.Nb7 Qc4
30.Rd1 Rc2 31.Qg3 Rf8 32.Nd6 Qb3 33.h4 Nf6 34.Qg5 Nh5 35.Rab1 Qa3 36.Qe5 Qa2
37.Qh2 Qxa6 38.Rb7 Qe2 39.Rf1 Nf4 40.Rfb1 Qe3+ 41.Kh1 Rxg2 42.Qxg2 Nxg2 43.Kxg2 Qd2+  0-1

[Event "9th TCh-BIH Premier"]
[Site "Bihac BIH"]
[Date "2010.06.08"]
[Round "4"]
[White "Timofeev,Arty"]
[Black "Pikula,D"]
[Result "1-0"]
[WhiteElo "2677"]
[BlackElo "2535"]

1.e4 d6 2.d4 Nf6 3.Nc3 e5 4.Nf3 Nbd7 5.Bc4 Be7 6.O-O O-O 7.Re1 c6 8.a4 a5
9.h3 h6 10.Be3 Re8 11.Qd2 exd4 12.Qxd4 Bf8 13.Rad1 Qc7 14.Nh4 Ne5 15.Be2 g5
16.Nf3 Be6 17.Qd2 Rad8 18.h4 g4 19.Nd4 Kh7 20.Bd3 Bg7 21.Nce2 Nxd3 22.Qxd3 Nh5
23.Nf4 Nxf4 24.Bxf4 Be5 25.Bxe5 dxe5 26.Nxe6 fxe6 27.Qb3 Re7 28.Qg3 Rf8 29.Qxg4 Rf4
30.Qe2 Rxh4 31.g3 Rg7 32.Kg2 Qe7 33.Qd2 Qf6 34.Re3 Qg6 35.Rh1 Rg4 36.Qxa5 Rxe4
37.Qc3 Rxa4 38.Rxe5 Rf4 39.Reh5 Rf5 40.Rxh6+ Qxh6 41.Rxh6+ Kxh6 42.Qe3+ Kh7
43.Qxe6 Rgf7 44.f4 R5f6 45.Qe5 Rg6 46.Kf3 Rh6 47.f5 Rg7 48.Qe4  1-0

[Event "II Nezhmetdinov Mem"]
[Site "Kazan RUS"]
[Date "2010.06.08"]
[Round "9"]
[White "Fedoseev,Vl1"]
[Black "Zaynutdinov,I"]
[Result "0-1"]
[WhiteElo "2183"]
[BlackElo "1986"]

1.e4 d6 2.d4 Nf6 3.Nc3 c6 4.a4 Nbd7 5.Nf3 e5 6.Bc4 Be7 7.O-O O-O 8.h3 b6
9.Qe2 a6 10.Rd1 Qc7 11.Ba2 Bb7 12.dxe5 dxe5 13.Nh4 b5 14.Nf5 Bc5 15.Be3 Rfd8
16.Bxc5 Nxc5 17.Qe3 Ne6 18.Ne2 c5 19.axb5 axb5 20.Bxe6 fxe6 21.Nfg3 c4 22.c3 Rxa1
23.Rxa1 Rd3 24.Qa7 Rd2 25.Ra6 Nd7 26.Ra1 Nc5 27.Ra2 Na4 28.Qe3 Rxb2 29.Rxb2 Nxb2
30.f4 Nd3 31.fxe5 Qxe5 32.Nd4 Qc5 33.Kh2 e5 34.Ndf5 Qxe3 35.Nxe3 Nc5 36.Ng4 Nxe4
37.Ne2 Kf7 38.Nxe5+ Ke6  0-1

[Event "3rd Mayor's Cup"]
[Site "Mumbai IND"]
[Date "2010.06.08"]
[Round "9"]
[White "Fier,A"]
[Black "Bocharov,D"]
[Result "1-0"]
[WhiteElo "2581"]
[BlackElo "2592"]

1.e4 d6 2.d4 Nf6 3.Nc3 c6 4.f4 Qa5 5.e5 Ne4 6.Bd3 d5 7.Bxe4 dxe4 8.Qe2 Qb6
9.Qxe4 g6 10.Nf3 Na6 11.a3 Bg4 12.h3 Bxf3 13.Qxf3 Qxd4 14.Be3 Qd7 15.Rd1 Qc8
16.O-O Bg7 17.g4 O-O 18.f5 Bxe5 19.Bh6 Qc7 20.Bxf8 Rxf8 21.b4 Nb8 22.Ne4 Nd7
23.g5 Nb6 24.Nc5 gxf5 25.Qxf5 Bg7 26.Rf3 e6 27.Qg4 Qe5 28.Nd7 Nxd7 29.Rxd7 c5
30.Qf4 Qa1+ 31.Rf1 Qc3 32.Rxf7 Rd8 33.Rxb7 cxb4 34.axb4 Bd4+ 35.Kg2 Qc6+
36.Qf3 Qxc2+ 37.Kh1 Qg6 38.Rd7  1-0

[Event "TCh-CHN"]
[Site "Shenzhan CHN"]
[Date "2010.06.09"]
[Round "6"]
[White "Zhang Xiaowen"]
[Black "Zhu Chen"]
[Result "1/2-1/2"]
[WhiteElo "2437"]
[BlackElo "2476"]

1.e4 d6 2.d4 Nf6 3.Nc3 e5 4.dxe5 dxe5 5.Qxd8+ Kxd8 6.Bc4 Ke8 7.Nf3 Bd6 8.Bd2 a6
9.a4 h6 10.O-O-O Bg4 11.h3 Bxf3 12.gxf3 Nbd7 13.Kb1 Kf8 14.Ne2 g6 15.Bc3 Rg8
16.Rhe1 Re8 17.Nc1 Nc5 18.a5 g5 19.Ne2 Ne6 20.Ng3 Ng7 21.Rh1 Nfh5 22.h4 Nxg3
23.fxg3 Ne6 24.hxg5 hxg5 25.Bd5 Nd8 26.Rh7 Rg7 27.Rxg7 Kxg7 28.f4 Kg6 29.f5+ Kg7
30.Bd2 f6 31.b4 Rh8 32.Bb3 Rh3 33.Be1 Kf8 34.c4 Nc6 35.c5 Be7 36.Bd5 Ke8
37.Be6 Rh1 38.Bd7+ Kf8 39.Kc1 Na7 40.Kc2 c6 41.Bc3 Rxd1 42.Kxd1 Kg7 43.Ke2 Kh6
44.Kf3 Bd8 45.Kg4 Be7 46.Bd2 Bd8 47.Be3 Kg7 48.Kh5 Be7 49.Be6 Bd8 50.Bd7 Be7
51.Be6  1/2-1/2

[Event "9th TCh-BIH Premier"]
[Site "Bihac BIH"]
[Date "2010.06.10"]
[Round "6"]
[White "Tomic,Bos"]
[Black "Bogut,Z"]
[Result "1-0"]
[WhiteElo "2423"]
[BlackElo "2468"]

1.e4 d6 2.d4 Nf6 3.Nc3 c6 4.f4 Qa5 5.Bd3 e5 6.Nf3 Nbd7 7.Bd2 Qc7 8.Qe2 Be7
9.O-O-O b5 10.Rdf1 a6 11.fxe5 dxe5 12.dxe5 Nxe5 13.Nxe5 Qxe5 14.Bf4 Qh5 15.e5 Qxe2
16.Bxe2 Nd5 17.Nxd5 cxd5 18.Bf3 Be6 19.Rd1 O-O-O 20.Be3 Rd7 21.Rd3 Kc7 22.Rhd1 Rhd8
23.Rc3+ Kb7 24.Rcd3 h6 25.Kb1 g5 26.g4 Bf8 27.a4 Bg7 28.axb5 axb5 29.Bd4 Rc7
30.Rb3 Kc6 31.Rc1 Ra8 32.c4 bxc4 33.Rxc4+ Kd7 34.Rxc7+ Kxc7 35.Rc3+ Kd7 36.Ra3 Rb8
37.Kc2 Bf8 38.Ra7+ Ke8 39.b3 Bb4 40.Rc7 Be1 41.Bc5 Kd8 42.Bd6 Ra8 43.Kb2 Ra6
44.Be2 Rb6 45.Rc1 Bf2 46.Bc7+ Ke7 47.Bxb6 Bxb6 48.Kc3 Bc7 49.Kd4 Bb6+ 50.Kd3 Bd7
51.Rf1 Bb5+ 52.Kd2 Ba5+ 53.Kd1 Bd7 54.Rf6 Bc3 55.Rxh6 Bxe5 56.b4 Be6 57.Rh3 Kd6
58.Rh5 f6 59.h3 Bd7 60.Rh7 Ba4+ 61.Kd2 Bf4+ 62.Kc3 Be5+ 63.Kd3 Bb5+ 64.Kd2 Bf4+
65.Ke1 Bg3+ 66.Kf1 Ba4 67.Bd3 Bd1 68.Ra7 Ke5 69.b5 Kd6 70.b6 Bf3 71.Be2 Bxe2+
72.Kxe2 Kc5 73.Ra3 Be5 74.Rb3 Kc4 75.Rb1 d4 76.b7 d3+ 77.Kd1 Bb8 78.Rc1+  1-0

[Event "1st Open"]
[Site "Di Roseto ITA"]
[Date "2010.06.10"]
[Round "7"]
[White "Ori,M"]
[Black "Di Donatantonio,F"]
[Result "1/2-1/2"]
[WhiteElo "2106"]
[BlackElo "2136"]

1.e4 d6 2.d4 Nf6 3.Nc3 Nbd7 4.f4 g6 5.Nf3 Bg7 6.Bd3 O-O 7.O-O c5 8.d5 Rb8
9.a4 b6 10.Qe1 Ne8 11.Qh4 Nc7 12.f5 Ne5 13.Bh6 e6 14.Bg5 f6 15.Bh6 Nxd3 16.Bxg7 Kxg7
17.fxg6 hxg6 18.cxd3 e5 19.Qg3 a6 20.Nh4 g5 21.Nf5+ Bxf5 22.Rxf5 Rh8 23.Raf1 Ne8
24.Nd1 Rh6 25.Ne3 b5 26.axb5 Rxb5 27.R5f2 Rg6 28.Nf5+ Kg8 29.Qh3 Ng7 30.Nh6+ Kf8
31.Ng4 Ne8 32.Nxf6 Nxf6 33.Rxf6+ Qxf6 34.Qh8+ Kf7 35.Qh7+ Ke8 36.Rxf6 Rxf6
37.Qg8+ Ke7 38.Qg7+ Rf7 39.Qxg5+ Ke8 40.Qg8+ Ke7 41.Qc8 Rf6 42.Qxa6 Rxb2
43.Qa7+ Kf8 44.g3 Rff2 45.Qh7 Rg2+  1/2-1/2

[Event "45th Capablanca Mem Open"]
[Site "Havana CUB"]
[Date "2010.06.10"]
[Round "1"]
[White "Jimenez Fraga,P"]
[Black "Boada,W"]
[Result "1-0"]
[WhiteElo "2460"]
[BlackElo "2266"]

1.e4 d6 2.d4 Nf6 3.Nc3 c6 4.Nf3 Qa5 5.Bd3 e5 6.h3 Be7 7.O-O O-O 8.dxe5 dxe5
9.Ne2 Nbd7 10.Bd2 Qc7 11.Bc3 Re8 12.Ng3 Bf8 13.Qe2 a5 14.a3 Nc5 15.b4 Na4
16.Bd2 axb4 17.axb4 h6 18.Nh4 Be6 19.Qf3 Kh7 20.Nhf5 Ng8 21.Rab1 b5 22.Ne3 Nb6
23.Qe2 Ra2 24.Ra1 Rea8 25.Rxa2 Rxa2 26.f4 exf4 27.Nd5 Qa7 28.e5+ g6 29.Nxf4 Nd5+
30.Kh2 Nxf4 31.Rxf4 Bg7 32.Nh5 Bh8 33.Nf6+ Kg7 34.Rh4 Qb8 35.Bxh6+ Nxh6 36.Qe3  1-0

[Event "45th Capablanca Mem Open"]
[Site "Havana CUB"]
[Date "2010.06.10"]
[Round "1"]
[White "Herrera Sosa,J"]
[Black "Arribas Robaina,M"]
[Result "0-1"]
[WhiteElo "1971"]
[BlackElo "2326"]

1.e4 d6 2.d4 Nf6 3.Nc3 c6 4.Bd3 e5 5.Nf3 Bg4 6.dxe5 dxe5 7.h3 Bxf3 8.Qxf3 Nbd7
9.Bg5 h6 10.Be3 Bc5 11.O-O-O Bxe3+ 12.Qxe3 Qe7 13.Rd2 Nc5 14.f4 exf4 15.Qxf4 Nxd3+
16.cxd3 Nd7 17.d4 Nb6 18.Qf2 O-O 19.Re1 Rad8 20.e5 Nc4 21.Rd3 c5 22.Qf4 Rxd4
23.Rxd4 cxd4 24.Qxd4 Qb4 25.Re2 Nxb2 26.Qxb4 Nd3+ 27.Kb1 Nxb4 28.Rb2 a5 29.a3 Nd3
30.Rxb7 Rc8 31.e6 fxe6 32.Ne2 Rc4 33.Rd7 Nc5 34.Rc7 a4 35.Nc1 Nb3 36.Rxc4 Nd2+
37.Kc2 Nxc4 38.Kc3 Nxa3 39.Kb4 Nc2+ 40.Kxa4 Ne3 41.g3 Kf7 42.Kb4 e5 43.Kc3 Ke6
44.Kd3 Nd5 45.Ke4 Nf6+ 46.Ke3 Kf5 47.Ne2 Nd5+ 48.Kd3 h5 49.Ng1 Nb4+ 50.Ke3 Nc2+
51.Kd3 Nd4 52.Ke3 g6 53.Kd3 h4  0-1

[Event "45th Capablanca Mem Open"]
[Site "Havana CUB"]
[Date "2010.06.10"]
[Round "1"]
[White "Guerrero,An"]
[Black "Rodriguez Garcia,V"]
[Result "1-0"]
[WhiteElo "2164"]
[BlackElo "2377"]

1.e4 d6 2.d4 Nf6 3.Nc3 Nbd7 4.f4 e5 5.Nf3 exd4 6.Nxd4 g6 7.Be2 Bg7 8.O-O O-O
9.Nb3 Re8 10.Bf3 a5 11.a4 Nb8 12.Re1 Nc6 13.Nb5 Nd7 14.c3 Nf8 15.Be3 Bd7
16.Qd2 f5 17.exf5 Bxf5 18.N3d4 Bd7 19.f5 gxf5 20.Bg5 Qc8 21.Bd5+ Kh8 22.Rxe8 Bxe8
23.Bh6 Ne5 24.Bxg7+ Kxg7 25.Qg5+ Bg6 26.Nxc7 Rb8 27.Qe7+ Kh6 28.Nce6 Nxe6
29.Nxe6 Nf7 30.Qh4+ Bh5 31.Qf6+ Bg6 32.Qg7+ Kh5 33.Bf3+ Kh4 34.Qf6+  1-0

[Event "3rd Mayor's Cup"]
[Site "Mumbai IND"]
[Date "2010.06.10"]
[Round "11"]
[White "Khusnutdinov,R"]
[Black "Kovalyov,A"]
[Result "1/2-1/2"]
[WhiteElo "2525"]
[BlackElo "2615"]

1.e4 d6 2.d4 Nf6 3.Nc3 e5 4.Nf3 Nbd7 5.Bc4 Be7 6.O-O O-O 7.Re1 c6 8.a4 h6
9.Ba2 Re8 10.dxe5 dxe5 11.Nh4 Nf8 12.Nf5 Be6 13.Qf3 Bxa2 14.Rxa2 Kh7 15.Ra1 Qc7
16.Be3 Ng8 17.Rad1 Bb4 18.Rd3 Rad8 19.Red1 Ne6 20.Ng3 Rxd3 21.Rxd3 g6 22.Na2 Bc5
23.Nc1 Bxe3 24.Qxe3 b6 25.b3  1/2-1/2